Sports Quiz

Random Sports or NFL Quiz

NFL Super Bowl MVPs Quiz Stats

 Plays Quiz Updated Mar 27, 2018

Challenge
Share
Tweet
Embed
Score 0/52 Timer 07:00
5 Plays Today
Super Bowl Player % Correct
LITom Brady
97.5%
XXXVITom Brady
97.2%
XXXVIIITom Brady
97.2%
XLIIEli Manning
97.2%
XLIXTom Brady
97.1%
XLIPeyton Manning
97.1%
XLVIEli Manning
96.7%
XVIJoe Montana
89.7%
XIXJoe Montana
89.7%
XXIVJoe Montana
89.7%
XXXIIIJohn Elway
88.7%
LIINick Foles
87.8%
XLVIIJoe Flacco
86.7%
XXVIIIEmmitt Smith
86.1%
XLVIIIMalcolm Smith
85.7%
XXVIITroy Aikman
84.3%
XXXIVKurt Warner
83.2%
XXXVRay Lewis
82.4%
XXIXSteve Young
82.1%
IBart Starr
81.6%
IIBart Starr
81.6%
50Von Miller
81.1%
XXIIIJerry Rice
78.8%
XIIITerry Bradshaw
78.7%
XIVTerry Bradshaw
78.7%
IIIJoe Namath
77.5%
Super Bowl Player % Correct
XLIVDrew Brees
72.5%
XXXIITerrell Davis
72.3%
XLHines Ward
71.1%
XXIPhil Simms
65.4%
VIRoger Staubach
64.3%
XLIIISantonio Holmes
64.2%
XLVAaron Rodgers
61.2%
XXXIXDeion Branch
57%
IXFranco Harris
57%
XLynn Swann
53.5%
XXIIDoug Williams
53.2%
XXXIDesmond Howard
50.3%
XVIIIMarcus Allen
50%
IVLen Dawson
44.8%
VIIILarry Csonka
43.8%
XXXVIIDexter Jackson
43.4%
XVIIJohn Riggins
43.3%
XXXLarry Brown
42.7%
XXVIMark Rypien
39%
XIIHarvey Martin or Randy White
38%
XVJim Plunkett
37.6%
XXRichard Dent
34.7%
XXVOttis Anderson
34.2%
VChuck Howley
18.5%
VIIJake Scott
17.9%
XIFred Biletnikoff
17.4%

You're not logged in!

Compare scores with friends on all Sporcle quizzes.
OR
Log In

You Might Also Like...

Show Comments

Extras

Top Quizzes Today


Score Distribution

Your Account Isn't Verified!

In order to create a playlist on Sporcle, you need to verify the email address you used during registration. Go to your Sporcle Settings to finish the process.

Report this User

Report this user for behavior that violates our Community Guidelines.

Details: